000 00507nam a2200205Ia 4500
003 0100
008 130303s9999 xx 000 0 und d
040 _cARRUPELIB
050 _aHV6431.R53 2006
100 _aRichardson, Louise
245 _aWhat terrorists want
245 _bunderstanding the enemy, containing the threat
260 _aNew York
260 _bRandom House
260 _C2006
300 _axxii
300 _b 312p. 24cm.
650 _bLanguage and languages
942 _2lcc
_01
999 _c66956
_d66956